000 01101nam a2200325 a 4500
001 12844
003 BD-JhCC
005 20230518092626.0
008 230518s2018 ii 000 0aeng
010 _a 2018330271
020 _a9780143444350
035 _a(BD-JhCC)12844
037 _bLibrary of Congress -- New Delhi Overseas Office
040 _aDLC
_beng
_erda
_cDLC
_dDLC
_dBD-JhCC
042 _alcode
_apcc
043 _aa-ii---
050 0 0 _aHV7094.B54
_bL63 2018
082 _a364.92
_bLOD 2018
100 1 _aLodha, Amit,
_eauthor.
245 1 0 _aBihar diaries :
_bthe true story of how Bihar's most dangerous criminal was caught /
_cAmit Lodha ; foreword by Twinkle Khanna.
264 1 _aGurgaon, Haryana, India :
_bBlue Salt :
_bPenguin Books, an imprint of Penguin Random House,
_c2018.
300 _axix, 280 pages ;
_c20 cm
336 _atext
_btxt
_2rdacontent
337 _aunmediated
_bn
_2rdamedia
338 _avolume
_bnc
_2rdacarrier
530 _aAlso available as an e-book.
600 1 0 _aLodha, Amit
_vAnecdotes.
650 0 _aCriminals
_zIndia
_zBihar.
942 _2ddc
_cBK
999 _c12844
_d12844